00715nam a2200157Ia 4500008004100000082002200041100001600063245009200079260005100171365000600222630009200228730009200320942000900412999001900421952011700440100415s9999 xx 000 0 und d b10164a595.76(54) aBingham CT aThe Fauna of British India including Ceylon and Burma Hymenoptera Vol. I Wasps and Bees aNEW DELHIc1897bTODAY & TOMORROW'S PRINTERS & b0 aThe Fauna of British India including Ceylon and Burma Hymenoptera Vol. I Wasps and Bees aThe Fauna of British India including Ceylon and Burma Hymenoptera Vol. I Wasps and Bees cBOOK c593093d593090 00104070aBNHSbBNHSd1998-07-10g0.00l0o595.76(54) 10164pBNHS-10164r2010-04-15 00:00:00w2010-04-15yBOOK